Stereoselektívne syntézy neprírodných analógov Epiquinamidu

Saved in:
Bibliographic Details
Main Author: Fuksa, Matúš (Author)
Other Authors: Šafař, Peter (Thesis advisor)
Format: Manuscript Book
Language:Slovak
Published: 2025
Subjects:
Online Access:http://is.stuba.sk/zp/portal_zp.pl?podrobnosti=176127
Tags: Add Tag
No Tags, Be the first to tag this record!

MARC

LEADER 00000ntm a22000003a 4500
001 stuzp104235
003 SK-STU
005 20250628211352.1
007 ta
008 150427s2015----xo-----f-mn---000-0-slo-d
040 |a STU  |b slo 
041 0 |a slo 
100 1 |a Fuksa, Matúš  |u 048140  |4 aut  |U FCHPT Ústav organickej chémie, katalýzy a petrochémie  |T FCHPT Oddelenie organickej chémie  |X 121439  |U C8140  |Y 124  |7 121439 
242 0 1 |a Stereoselective syntheses of unnatural analogues of Epiquinamide  |y eng 
245 1 0 |a Stereoselektívne syntézy neprírodných analógov Epiquinamidu 
260 |c 2025 
650 4 |a chinazolidínové alkaloidy  |2 slo 
650 4 |a Thomsonova azidácia  |2 slo 
650 4 |a diastereoselektívne redukcie  |2 slo 
650 4 |a redukcia laktámu  |2 slo 
650 4 |a quinazolizidine alkaloids  |2 eng 
650 4 |a Thomson azidation  |2 eng 
650 4 |a diastereoselective reductions  |2 eng 
650 4 |a reduction of lactame  |2 eng 
700 1 |a Šafař, Peter  |u 048140  |k Z1  |4 ths  |U FCHPT Ústav organickej chémie, katalýzy a petrochémie  |T FCHPT Oddelenie organickej chémie  |X 3367  |U C8140  |Y 124  |7 A000003367 
856 4 |u http://is.stuba.sk/zp/portal_zp.pl?podrobnosti=176127